Central Library OPAC University of Rajshahi

Interviewing in social research / (Record no. 34978)

MARC details
000 -LEADER
fixed length control field 01086nam a2200277 4500
001 - CONTROL NUMBER
control field 34978
003 - CONTROL NUMBER IDENTIFIER
rucl marc code BD-RjUL
005 - DATE AND TIME OF LATEST TRANSACTION
control field 20211209052236.0
008 - FIXED-LENGTH DATA ELEMENTS--GENERAL INFORMATION
fixed length control field 140520s1955 ilu b 001 0 eng d
035 ## - SYSTEM CONTROL NUMBER
System control number (BD-RjUL)35072
040 ## - CATALOGING SOURCE
Original cataloging agency DLC
Transcribing agency WSU
Modifying agency SER
-- UKM
-- ZCH
-- BD-RjUL
Language of cataloging eng
041 ## - LANGUAGE CODE
Language code of text/sound track or separate title eng
082 00 - DEWEY DECIMAL CLASSIFICATION NUMBER
Classification number 307.2
Author mark and year INT 1955
245 10 - TITLE STATEMENT
Title Interviewing in social research /
Statement of responsibility, etc. by Herbert H. Hyman with William J. Cobb [and others] Foreword by Samuel A. Stouffer.
260 ## - PUBLICATION, DISTRIBUTION, ETC. (IMPRINT)
Place of publication, distribution, etc. Chicago :
Name of publisher, distributor, etc. University of Chicago Press,
Date of publication, distribution, etc. 1955.
300 ## - PHYSICAL DESCRIPTION
Pagination xvi, 415 p. ;
Size 24 cm.
500 ## - GENERAL NOTE
General note "A research project of the National Opinion Research Center."
504 ## - BIBLIOGRAPHY, ETC. NOTE
Bibliography, etc "Bibliography for chapter VI": p. 371-373. "Previous NORC publications, interviewer effect series": p. 374-375. Bibliographical references includes in "Notes" (p. 377-407)
650 #0 - SUBJECT ADDED ENTRY--TOPICAL TERM
Topical term or geographic name as entry element Interviewing.
9 (RLIN) 106492
Topical term or geographic name as entry element Social sciences
General subdivision Research.
9 (RLIN) 106493
700 1# - ADDED ENTRY--PERSONAL NAME
Personal name Hyman, Herbert Hiram,
710 2# - ADDED ENTRY--CORPORATE NAME
Corporate name or jurisdiction name as entry element National Opinion Research Center.
9 (RLIN) 106494
942 ## - ADDED ENTRY ELEMENTS (KOHA)
Source of classification or shelving scheme Dewey Decimal Classification
Koha item type Books
Holdings
Lost status Source of classification or shelving scheme Damaged status Not for loan Collection code Permanent Location Current Location Shelving location Date acquired Source of acquisition Total Checkouts Full call number Date last seen Copy number Koha item type
  Dewey Decimal Classification   Not For Loan Non-fiction Central Library, University of Rajshahi Central Library, University of Rajshahi Reading Room 21/05/1965 Asia Foundation, Gift.   307.2 INT 1955 20/05/2014 C-1 Books